Salads - Sudden Death - Statistics

General Stats
  • This quiz has been taken 117 times
  • The average score is 6 of 16
Answers on the Grid
Answers color-coded by a green-red scale on the quiz's grid according to % correct below.
Greek salad
Caesar salad
Golbaengi-muchim
Tabbouleh
Cobb salad
Karedok
Panzanella / Panmolle
Pasembur
Gazpacho
Sukiyaki
BLT
Laksa
Biltong
Menudo
Piyaz
Wurstsalat
Dressed herring
Tam mak hoong / Tum mak hoong
Cheese slaw
Celery Victor
Snezhanka
Larb / Laab
Kharcho
Tourtière
Homard Thermidor
Panini
Galbi-gui
Saure Zipfel
 
Answer Stats
Answer % Correct
Cobb salad
86%
Greek salad
86%
Caesar salad
84%
Tabbouleh
48%
Cheese slaw
46%
Wurstsalat
45%
Celery Victor
37%
Panzanella / Panmolle
31%
Dressed herring
22%
Larb / Laab
19%
Snezhanka
19%
Tam mak hoong / Tum mak hoong
16%
Golbaengi-muchim
15%
Karedok
13%
Piyaz
7%
Pasembur
5%
No matching quizzes found
Score Distribution
Percent of People with Each Score
Percentile by Number Answered
Your Score History
You have not taken this quiz